Statistics for Click a Valid Country Shape #2

Click here to take the quiz!

General Stats

  • This quiz has been taken 23 times
  • The average score is 30 of 36

Answer Stats

QuestionTileSelect% Correct
That Are in AsiaNo
100%
That Are in AsiaYes
100%
That Are in AsiaYes
100%
That Are in AsiaNo
100%
That Are in AsiaNo
100%
That Are in AsiaNo
100%
That Are in AsiaNo
100%
That Are in the United NationsYes
87%
That Are in the United NationsYes
87%
That Are in the United NationsYes
87%
That Are in the Western HemisphereNo
87%
That Are in the Western HemisphereYes
87%
That Are in the Western HemisphereYes
87%
That Are in the Western HemisphereNo
87%
That Are in the Western HemisphereNo
87%
That Are in the United NationsYes
87%
That Are in AsiaNo
87%
That Are in the Western HemisphereYes
83%
That Are in the United NationsYes
83%
That Are in the United NationsYes
83%
That Are in the United NationsYes
78%
That Are in AsiaYes
78%
That Are in the Western HemisphereYes
78%
That Are in the Western HemisphereNo
74%
That Had a Population Greater Than India Until RecentlyYes
74%
That Are in the Western HemisphereNo
74%
That Are in the United NationsYes
74%
That Are in the United NationsYes
74%
That Had a Population Greater Than India Until RecentlyNo
70%
That Had a Population Greater Than India Until RecentlyNo
70%
That Had a Population Greater Than India Until RecentlyNo
70%
That Had a Population Greater Than India Until RecentlyNo
70%
That Had a Population Greater Than India Until RecentlyNo
70%
That Had a Population Greater Than India Until RecentlyNo
70%
That Had a Population Greater Than India Until RecentlyNo
70%
That Had a Population Greater Than India Until RecentlyNo
70%

Score Distribution

Percentile by Number Answered

Percent of People with Each Score

Your Score History

You have not taken this quiz